| 000 | 00766nam a22001577a 4500 | ||
|---|---|---|---|
| 003 | OSt | ||
| 005 | 20151106091721.0 | ||
| 008 | 151106b xxu||||| |||| 00| 0 eng d | ||
| 040 | _cRUA | ||
| 082 | _aFOR HOU 2002 B128 Or.1 | ||
| 100 |
_93430 _aHOUNG, THIDA. |
||
| 245 | _aEstablishment and management of seed source area of dalbergia oliveri gamble ex prain , pterocarpus macrocarpus kurz, and xylia xylocarpa (roxb) taub. in rattanakiri province (ការបង្កើតនិងគ្រប់គ្រងព្រៃប្រភពគ្រាប់ពូជនាងនួន ធ្មង់និងសុក្រមក្នុងខេត្តរតនគិរី) | ||
| 260 |
_aPhnom Penh _bRUA _c2002 |
||
| 300 |
_a50p. _bill. _c29cm. |
||
| 942 |
_2ddc _cFOR |
||
| 999 |
_c3200 _d3200 |
||